Conversations with Peter Eisenman : (Record no. 7679)

000 -LEADER
fixed length control field 02501cam a22002537i 4500
003 - CONTROL NUMBER IDENTIFIER
control field OSt
005 - DATE AND TIME OF LATEST TRANSACTION
control field 20200317153330.0
008 - FIXED-LENGTH DATA ELEMENTS--GENERAL INFORMATION
fixed length control field 161028t20162016gw ae 000 0deng d
020 ## - INTERNATIONAL STANDARD BOOK NUMBER
International Standard Book Number 9783869225319
Qualifying information (pbk)
082 04 - DEWEY DECIMAL CLASSIFICATION NUMBER
Classification number 720.92
Edition number 23
Item number BEL
100 1# - MAIN ENTRY--PERSONAL NAME
Personal name Belogolovsky, Vladimir,
Dates associated with a name 1970-
Relator term author.
245 10 - TITLE STATEMENT
Title Conversations with Peter Eisenman :
Remainder of title the evolution of architectural style /
Statement of responsibility, etc Vladimir Belogolovsky.
300 ## - PHYSICAL DESCRIPTION
Extent 159 pages :
Other physical details illustrations (some color), plans ;
Dimensions 24 cm.
490 1# - SERIES STATEMENT
Series statement Basics ;
Volume number/sequential designation 50
505 0# - FORMATTED CONTENTS NOTE
Formatted contents note Interview I. The history of any discipline is about displacing conventions -- Interview II. My architecture never represents anything -- Interview III. My work is neither architecture nor is it non-architecture -- Projects : House II, Hardwick, Vermont, 1969-190 -- House IV, Falls Village, Connecticut, 1971 -- House VI, Cornwall, Connecticut, 1972-1975 -- Cannaregio Town Square, Venice, Italy, 1978 (project) -- Wexler Center for the Arts, Ohio State University, Columbus, Ohio, 1983-1989 -- Staten Island Institute for Arts and Sciences, Staten Island, New York, 1997-2001 (project) -- Cardinals Stadium, Glendale, Arizona, 1997-2006 -- Memorial Square, World Trade Center proposal, New York, 2002 (project) -- Memorial to the Murdered Jews of Europe, Berlin, Germany, 1998-2005 -- The City of Culture of Galicia, Santiago de Compostela, Spain, 1999-2013 -- Pinerba Condominium, Milan, Italy, 2009-present -- Yenikapi Archeological Park and Museum, Istanbul, Turkey, 2012-present.
520 8# - SUMMARY, ETC.
Summary, etc "Peter Eisenman s architecture carries many layers and meanings; one question leads to the next and one conversation provokes another. Vladimir Belogolovsky s new book highlights three separate conversations he had with the architect at his New York City studio in October 2003, June 2009, and February2016. These conversations are part of the author s ongoing interview project he initiated in 2002, discussing architecture with over 100 leading international architects."
520 ## - SUMMARY, ETC.
Summary, etc This book highlights three separate conversations the author had with the architect, Peter Eisenman, at his New York City studio in October 2003, June 2009, and February 2016.
600 10 - SUBJECT ADDED ENTRY--PERSONAL NAME
Personal name Eisenman, Peter,
Dates associated with a name 1932-
Form subdivision Interviews.
650 #0 - SUBJECT ADDED ENTRY--TOPICAL TERM
Topical term or geographic name as entry element Architecture, Modern
Chronological subdivision 20th century
Form subdivision Designs and plans.
650 #0 - SUBJECT ADDED ENTRY--TOPICAL TERM
Topical term or geographic name as entry element Architecture, Modern
Chronological subdivision 21st century
Form subdivision Designs and plans.
700 12 - ADDED ENTRY--PERSONAL NAME
Personal name Eisenman, Peter,
Dates associated with a name 1932-
Title of a work Works.
Form subheading Selections.
830 #0 - SERIES ADDED ENTRY--UNIFORM TITLE
Uniform title Basics (Berlin, Germany) ;
Volume number/sequential designation 50.
942 ## - ADDED ENTRY ELEMENTS (KOHA)
Source of classification or shelving scheme
Holdings
Withdrawn status Lost status Source of classification or shelving scheme Damaged status Koha normalized classification for sorting Not for loan Permanent location Current location Date acquired Total Checkouts Full call number Barcode Date last seen Date last borrowed Price effective from Koha item type
        720_920000000000000_BEL   BMS College of Architecture, Design and Planning BMS College of Architecture, Design and Planning 2020-03-17 2 720.92 BEL AR-PG266 2024-12-14 2024-10-14 2020-03-17 PG Books
Copyright © 2025, The Librarian, Library and Information Centre, BMSCA D&P, Bengaluru. All Rights Reserved
web counter

Powered by Koha